योगासन और प्राणायाम / (Record no. 16075)

MARC details
000 -LEADER
fixed length control field 01076nam a22002777a 4500
005 - DATE AND TIME OF LATEST TRANSACTION
control field 20221226152828.0
008 - FIXED-LENGTH DATA ELEMENTS--GENERAL INFORMATION
fixed length control field 081001t xxu||||| |||| 00| 0 hin d
010 ## - LCCN (DPL NO)
LC control number HIN-84239,HIN-124688
020 ## - INTERNATIONAL STANDARD BOOK NUMBER
Terms of availability 125.00
020 ## - INTERNATIONAL STANDARD BOOK NUMBER
International Standard Book Number 9788188014389
Terms of availability 300.00
035 ## - SYSTEM CONTROL NUMBER
System control number HN-56585
035 ## - SYSTEM CONTROL NUMBER
System control number HN-97034
037 ## - SOURCE OF ACQUISITION
Source of stock number/acquisition DBAD / PUB
040 ## - CATALOGING SOURCE
Original cataloging agency DPL
Language of cataloging HN
082 ## - DEWEY DECIMAL CLASSIFICATION NUMBER
Classification number 613.7046
100 ## - MAIN ENTRY--PERSONAL NAME
Personal name राजेश कुमार
245 ## - TITLE STATEMENT
Title योगासन और प्राणायाम /
Statement of responsibility, etc राजेश कुमार
246 ## - VARYING FORM OF TITLE
Title proper/short title Yogaasana aura pranayama
Remainder of title by Rajesh Kumar
260 ## - PUBLICATION, DISTRIBUTION, ETC. (IMPRINT)
Place of publication, distribution, etc दिल्ली
Name of publisher, distributor, etc अखिल भारती
Date of publication, distribution, etc 2008
270 ## - ADDRESS
Address 3014, चर्खेवालान
City दिल्ली
Postal code 110006
300 ## - PHYSICAL DESCRIPTION
Extent 96पृ
Dimensions 22सेमी (सजिल्द)
Other physical details सचित्र
500 ## - GENERAL NOTE
General note समान ISBN 8188014389 शीर्षक 'कम्प्यूटर : एक अदभुत आविष्कार '
650 ## - SUBJECT ADDED ENTRY--TOPICAL TERM
Topical term or geographic name as entry element योगा
650 ## - SUBJECT ADDED ENTRY--TOPICAL TERM
Topical term or geographic name as entry element Yoga
942 ## - ADDED ENTRY ELEMENTS (KOHA)
Source of classification or shelving scheme Dewey Decimal Classification
Item type Hindi Books
Classification part 613.7046
Call number suffix राजेश
Holdings
Withdrawn status Lost status Source of classification or shelving scheme Damaged status Not for loan Collection code Home library Current library Date acquired Source of acquisition Cost, normal purchase price Total Checkouts Full call number Barcode Date last seen Copy number Cost, replacement price Koha item type
    Dewey Decimal Classification   Not For Loan Non-fiction D.B.Act.Division D.B.Act.Division 01/10/2008 DBAD / PUB 125.00   613.7046 राजेश HN-56585 01/10/2008 1 125.00 Hindi Books
    Dewey Decimal Classification     Non-fiction Katevara Katevara 26/12/2022 DBAD/PUB 300.00   613.7046 राजेश HN-97034 26/12/2022 1 300.00 Hindi Books

© Delhi Public Library
Hit Counter
free hit counter